Language Quiz

Random Language or Song Quiz
Score 0/20 Timer 08:00
2 Plays Today
Latin Title English Title % Correct
In Mea VitaIn My Life
93.2%
FinisThe End
68.8%
Avis NigraBlackbird
63.9%
Hic, Illic, et UbiqueHere, There, and Everywhere
52.9%
VerbumThe Word
45.6%
Via Longa et VolubilisThe Long and Winding Road
44.1%
Circumitus IXRevolution 9
41.1%
O! DeliciaOh! Darling
36%
Tuam Manum Habere VoloI Want to Hold Your Hand
34.3%
Volo Te (Tam Gravis Ea)I Want You (She's So Heavy)
32.6%
Latin Title English Title % Correct
Dum Cithara Mea Placide LacrimatWhile My Guitar Gently Weeps
27.4%
Arbutorum Agri AeternaliterStrawberry Fields Forever
23.4%
Vir a Nullo LocoNowhere Man
21.1%
Polypi HortusOctopus's Garden
18.2%
Sensum HabeoI've Got a Feeling
16%
Modo DormioI'm Only Sleeping
15.1%
Ea ex Domo ExitShe's Leaving Home
13.9%
Omnes Pariter NuncAll Together Now
13.4%
Existens MeliusGetting Better
6.9%
Fer Pondus IdCarry That Weight
6.5%

You're not logged in!

Compare scores with friends on all Sporcle quizzes.
OR
Log In

Sporcle TV

Today on Sporcle TV


Watch our educational content, quiz creation guides, and fun videos on Sporcle TV.

Show Comments

Extras

Top Quizzes Today


Score Distribution

Paid Content

Your Account Isn't Verified!

In order to create a playlist on Sporcle, you need to verify the email address you used during registration. Go to your Sporcle Settings to finish the process.

Report this User

Report this user for behavior that violates our Community Guidelines.

Details: